000
00307nam a2200109Ia 4500
008
220204s9999 xx 000 0 und d
082
_a
065
_b
HOL
100
_a
Holloway, Charles A
245
0
_a
Decision making under uncertainity: Models and choices
260
_a
New Jersey
_b
Prentice Hall
_c
1979
942
_c
BK
999
_c
34675
_d
34675